[Event "1st IBCA European Team Chess Championship"]
[Site "Warsaw"]
[Date "1899-12-30"]
[Round "7.14"]
[White "Grybas, Gintaras"]
[Black "Fernandez Manrique, Agustin"]
[Result "1/2-1/2"]
[WhiteTitle ""]
[BlackTitle ""]
[WhiteElo "2012"]
[BlackElo "2147"]

1. d4 Nf6 2. c4 g6 3. Nf3 Bg7 4. g3 O-O 5. Bg2 d6 6. O-O Nc6 7. Nc3 Bg4 8. h3 Bxf3
9. Bxf3 Nd7 10. e3 e5 11. Bxc6 bxc6 12. b3 Qf6 13. Ne2 Qf3 14. Bb2 h5 15. dxe5
h4 16. Nf4 Qxd1 17. Raxd1 hxg3 18. fxg3 Rfe8 19. Nd3 Nxe5 20. Bxe5 Bxe5 21. Nxe5
Rxe5 22. Kf2 a5 23. a4 Kg7 24. Rd3 Rh8 25. Kg2 Reh5 26. h4 Re5 27. Rc1 c5 28.
Rf1 Rhe8 29. Re1 Re4 30. Kf3 f5 31. Re2 Rh8 32. Rg2 Kf6 33. Rc2 Ke6 34. Rc1 Kf6
35. Rc2 Rg4 36. Re2 Re8 37. Rdd2 Rb8 38. Rd3 Re4 39. Re1 Rh8 40. Rd2 Rh7 41. Rd3
Rh8 42. Rd2 1/2-1/2

[Event "1st IBCA European Team Chess Championship"]
[Site "Warsaw"]
[Date "1899-12-30"]
[Round "7.15"]
[White "Clemente Llamero, Roberto"]
[Black "Novikovas, Anatolijus"]
[Result "1-0"]
[WhiteTitle ""]
[BlackTitle ""]
[WhiteElo "2162"]
[BlackElo "1856"]

1. e4 e6 2. d3 d5 3. Nd2 c5 4. g3 Nc6 5. Bg2 Nf6 6. Ngf3 g6 7. O-O Bg7 8. c3 a5
9. a4 O-O 10. exd5 exd5 11. Nb3 b6 12. d4 c4 13. Nbd2 Bg4 14. h3 Bf5 15. b3 Ne4
16. Nxe4 Bxe4 17. bxc4 dxc4 18. Re1 Qd5 19. Rxe4 Qxe4 20. Ne5 Qf5 21. Nxc6 Bf6
22. g4 Qd7 23. Bf4 Rac8 24. Qf3 Rfe8 25. g5 Bg7 26. Ne5 Qf5 27. Qe4 Qxe4 28. Bxe4
f6 29. Bd5+ Kh8 30. gxf6 Bxf6 31. Nd7 Kg7 32. Nxf6 Kxf6 33. Rb1 Re2 34. Rxb6+
Kg7 35. Rb7+ 1-0

[Event "1st IBCA European Team Chess Championship"]
[Site "Warsaw"]
[Date "1899-12-30"]
[Round "7.16"]
[White "Slusnys, Evaldas"]
[Black "Saez Gabikagogeaskoa, Oscar"]
[Result "1-0"]
[WhiteTitle ""]
[BlackTitle ""]
[WhiteElo "1888"]
[BlackElo "2042"]

1. e4 c5 2. Nf3 Nc6 3. d4 cxd4 4. Nxd4 Nf6 5. Nc3 e5 6. Ndb5 d6 7. Bg5 a6 8. Na3
b5 9. Nd5 Be7 10. Bxf6 Bxf6 11. c3 O-O 12. Nc2 Bg5 13. h4 Bh6 14. g4 Bf4 15. Qf3
Be6 16. Nxf4 Qf6 17. g5 Qxf4 18. Qxf4 exf4 19. Nd4 Ne5 20. Bh3 Nd3+ 21. Ke2 Nc5
22. Nxe6 fxe6 23. Rad1 Rad8 24. Kf3 e5 25. Rd2 d5 26. Rxd5 Rxd5 27. exd5 e4+ 28.
Ke2 Rd8 29. Rd1 Kf8 30. Rd4 Rd6 31. Bf5 h6 32. Bxe4 hxg5 33. hxg5 Na4 34. Rd2
Nb6 35. b3 Rd8 36. Kf3 Rc8 37. Rd3 Ke7 38. d6+ Ke6 39. Kxf4 Rf8+ 40. Ke3 Nd7 41.
f4 Nc5 42. Rd2 Rh8 43. f5+ Kd7 44. Bf3 Rh4 45. Rd4 Rh3 46. Kf4 Kd8 47. Rd5 Nd7
48. Rd1 Nc5 49. Rh1 Nd3+ 50. Ke3 Rg3 51. Kxd3 Rxf3+ 52. Ke4 1-0

[Event "1st IBCA European Team Chess Championship"]
[Site "Warsaw"]
[Date "1899-12-30"]
[Round "7.17"]
[White "Deville, Olivier"]
[Black "Cajzler, Hinko"]
[Result "1/2-1/2"]
[WhiteTitle ""]
[BlackTitle ""]
[WhiteElo "1849"]
[BlackElo "2099"]

1. c4 Nf6 2. Nf3 g6 3. g3 Bg7 4. Bg2 d6 5. d4 O-O 6. O-O c6 7. Nc3 Nbd7 8. e4 e5
9. h3 a6 10. Be3 b5 11. dxe5 Nxe5 12. cxb5 Nxf3+ 13. Qxf3 axb5 14. e5 dxe5 15.
Qxc6 Rb8 16. Rfd1 Qa5 17. Nd5 Nxd5 18. Qxd5 Be6 19. Qd2 b4 20. a3 Rfc8 21. h4
h5 22. axb4 Qxb4 23. Qxb4 Rxb4 24. Bd5 Bxd5 25. Rxd5 Rc7 26. Rd2 Rcb7 27. Ra2
e4 28. Kg2 Bxb2 29. Kg1 Kh7 30. Kg2 f5 31. Kg1 Bc1 32. Re2 Rb1 33. Kg2 Bxe3 34.
Rxe3 Rc7 35. f3 exf3+ 36. Rxf3 Kg7 37. Rf4 Rc6 38. Re2 Kf6 39. Ref2 Rcc1 40. R2f3
Rh1 41. Rd3 Rbg1+ 42. Kf2 Rf1+ 43. Ke3 g5 44. hxg5+ Kxg5 45. Rf2 Rxf2 46. Kxf2
Rh2+ 47. Kg1 Re2 1/2-1/2

[Event "1st IBCA European Team Chess Championship"]
[Site "Warsaw"]
[Date "1899-12-30"]
[Round "7.18"]
[White "Prpic, Milan"]
[Black "Sojka, Bernard"]
[Result "0-1"]
[WhiteTitle ""]
[BlackTitle ""]
[WhiteElo "1834"]
[BlackElo "1755"]

1. c4 Nf6 2. d4 c5 3. d5 b5 4. cxb5 a6 5. bxa6 Bxa6 6. Nc3 d6 7. e4 g6 8. Bxa6
Nxa6 9. Nge2 Bg7 10. O-O O-O 11. a3 Qb6 12. Rb1 Rfb8 13. Qc2 Nc7 14. Bd2 Nd7 15.
a4 Ne5 16. b3 Qa6 17. Bg5 f6 18. Be3 Qd3 19. Qxd3 Nxd3 20. Rfd1 Ne5 21. h3 Nd7
22. Rd2 Rb7 23. Rdb2 Rab8 24. f3 Ne5 25. Nc1 Nc4 26. Re2 Nxe3 27. Rxe3 f5 28.
N3e2 f4 29. Rd3 c4 30. Rd2 g5 31. Rc2 cxb3 32. Rxb3 Na6 33. Rxb7 Rxb7 34. a5 Nb4
35. Rc8+ Kf7 36. h4 h6 37. Kh2 Ra7 38. Nb3 Na6 39. Kh3 Kg6 40. hxg5 hxg5 41. Kg4
Bf6 42. Nbd4 Nc5 43. Nc6 Ra6 44. Rb8 Nd3 45. Kh3 Ne5 46. Rb6 Ra8 47. a6 Rh8# 0-1

[Event "1st IBCA European Team Chess Championship"]
[Site "Warsaw"]
[Date "1899-12-30"]
[Round "7.19"]
[White "Siret, Bernard"]
[Black "Began, Branko"]
[Result "0-1"]
[WhiteTitle ""]
[BlackTitle ""]
[WhiteElo "1712"]
[BlackElo "1836"]

1. d4 d5 2. e4 dxe4 3. Nc3 Nf6 4. f3 exf3 5. Nxf3 Bg4 6. h3 Bxf3 7. Qxf3 c6 8.
Be3 Nd5 9. Bc4 e6 10. O-O Nf6 11. g4 Qd7 12. Rae1 Bb4 13. d5 O-O 14. dxe6 fxe6
15. Qf5 Nd5 16. Qe4 Bxc3 17. Rxf8+ Kxf8 18. Rf1+ Bf6 19. g5 Kg8 20. gxf6 gxf6
21. Rxf6 Qg7+ 22. Kh1 Qxf6 23. Bd4 Qf7 24. Qh4 Nd7 25. Bd3 Qf3+ 26. Kg1 N7f6 27.
Bxh7+ Nxh7 0-1

[Event "1st IBCA European Team Chess Championship"]
[Site "Warsaw"]
[Date "1899-12-30"]
[Round "7.20"]
[White "Drazetic, Novica"]
[Black "Baue, Michel"]
[Result "1-0"]
[WhiteTitle ""]
[BlackTitle ""]
[WhiteElo "1621"]
[BlackElo "1700"]

1. e4 c5 2. c3 d5 3. exd5 Qxd5 4. d4 Nc6 5. Nf3 Nf6 6. h3 e6 7. Be2 cxd4 8. cxd4
Be7 9. O-O O-O 10. Nc3 Qd8 11. Be3 a6 12. a3 b5 13. b4 Bb7 14. Qb3 Qd7 15. Rfd1
Rfd8 16. Ne5 Nxe5 17. dxe5 Nd5 18. Nxd5 Bxd5 19. Bf3 Qb7 20. Bxd5 Rxd5 21. Rxd5
Qxd5 22. Qxd5 exd5 23. Rc1 Kf8 24. f4 Ke8 25. g3 Kd7 26. f5 Bd8 27. Rc5 Bb6 28.
Rxd5+ Kc6 29. Rd6+ 1-0

[Event "1st IBCA European Team Chess Championship"]
[Site "Warsaw"]
[Date "1899-12-30"]
[Round "7.21"]
[White "Hilton, Stephen H"]
[Black "Van Loy, Rick"]
[Result "0-1"]
[WhiteTitle ""]
[BlackTitle ""]
[WhiteElo "1894"]
[BlackElo "1899"]

1. d4 e6 2. Nf3 f5 3. Bf4 d6 4. e3 Be7 5. c4 Nf6 6. h3 O-O 7. Nc3 Ne4 8. Qc2 Nxc3
9. Qxc3 a5 10. a3 Nc6 11. d5 Bf6 12. Qc2 e5 13. Bh2 Ne7 14. Be2 Qe8 15. O-O-O
a4 16. Rdg1 c6 17. g4 g6 18. Qd2 c5 19. gxf5 Bxf5 20. Ng5 Ra6 21. f3 Nc8 22. e4
Bd7 23. h4 Bg7 24. Bg3 h6 25. Nh3 b5 26. cxb5 Bxb5 27. Bf2 Bxe2 28. Qxe2 Rb6 29.
Be3 Rb3 30. Nf2 Kh7 31. Nd1 Na7 32. Rg3 Nb5 33. Rhg1 Rf6 34. Nf2 h5 35. Nh3 c4
36. Ng5+ Kh8 37. Ne6 c3 38. Nxg7 cxb2+ 39. Qxb2 Qc8+ 0-1

[Event "1st IBCA European Team Chess Championship"]
[Site "Warsaw"]
[Date "1899-12-30"]
[Round "7.22"]
[White "Harnandan, Sergio"]
[Black "Armstrong, William G"]
[Result "0-1"]
[WhiteTitle ""]
[BlackTitle ""]
[WhiteElo "1897"]
[BlackElo "1839"]

1. d4 Nf6 2. c4 g6 3. f3 Bg7 4. e4 d6 5. Nc3 O-O 6. Be3 c5 7. d5 e6 8. Qd2 exd5
9. cxd5 a6 10. a4 Nbd7 11. Be2 Ne5 12. h3 Nh5 13. Bf2 Qf6 14. g3 g5 15. f4 gxf4
16. Bxh5 fxg3 17. Bxg3 Nc4 18. Qf4 Qxf4 19. Bxf4 Nxb2 20. Kd2 f5 21. Be2 fxe4
22. Bxd6 Rf2 23. Bxc5 Nc4+ 24. Kc2 e3 25. Rf1 Bf5+ 26. Kc1 Bxc3 27. Rxf2 Bd2+
0-1

[Event "1st IBCA European Team Chess Championship"]
[Site "Warsaw"]
[Date "1899-12-30"]
[Round "7.23"]
[White "Whittle, Les V"]
[Black "Van Duuren, Louis"]
[Result "1-0"]
[WhiteTitle ""]
[BlackTitle ""]
[WhiteElo "1771"]
[BlackElo "1890"]

1. b3 d5 2. Bb2 Nf6 3. g3 Nc6 4. Nf3 e6 5. e3 Bd6 6. d3 O-O 7. Bg2 e5 8. O-O Re8
9. Nbd2 Bg4 10. h3 Be6 11. Qe2 h6 12. Rad1 Qc8 13. Kh2 Bf5 14. Ng1 Nb4 15. e4
Bh7 16. c3 dxe4 17. cxb4 exd3 18. Qe3 Bxb4 19. Ne4 Nd5 20. Qxd3 c6 21. Qe2 Qe6
22. Nd2 Nc3 23. Bxc3 Bxc3 24. Qc4 Bd4 25. Qxe6 Rxe6 26. Ngf3 Bd3 27. Nxd4 exd4
28. Rfe1 Be2 29. Rc1 g5 30. Bf3 d3 31. Bxe2 dxe2 32. Rc2 Rd8 33. Nf3 Rd3 34. Kg2
Rf6 35. Ne5 Rd1 36. Rcxe2 Rfd6 37. Rxd1 Rxd1 38. Ng4 Kg7 39. Ne3 Rd7 40. Kf3 Kg6
41. Nc4 Rc7 42. Rd2 b5 43. Rd6+ Kg7 44. Ne5 c5 45. Rd7 Rxd7 46. Nxd7 c4 47. bxc4
bxc4 48. Ke3 Kg6 49. Kd4 Kf5 50. Ne5 c3 51. Nc4 g4 52. h4 f6 53. Ne3+ Ke6 54.
Kxc3 h5 55. a4 f5 56. Kd4 a6 57. a5 1-0

[Event "1st IBCA European Team Chess Championship"]
[Site "Warsaw"]
[Date "1899-12-30"]
[Round "8.1"]
[White "Mackowiak, Marek"]
[Black "Pawelec, Bartosz"]
[Result "1/2-1/2"]
[WhiteTitle ""]
[BlackTitle ""]
[WhiteElo "2161"]
[BlackElo "2116"]

1. c4 c6 2. e3 d5 3. Nf3 Nf6 4. Nc3 Nbd7 5. d4 e6 6. Bd3 dxc4 7. Bxc4 b5 8. Bb3
b4 9. Ne2 Bb7 10. O-O Bd6 11. Bc2 c5 12. Ng3 Qc7 13. Re1 1/2-1/2

[Event "1st IBCA European Team Chess Championship"]
[Site "Warsaw"]
[Date "1899-12-30"]
[Round "8.2"]
[White "Chojnowski, Marcin"]
[Black "Czajkowski, Adam"]
[Result "0-1"]
[WhiteTitle ""]
[BlackTitle ""]
[WhiteElo "1983"]
[BlackElo "2151"]

1. e4 c5 2. Nf3 Nc6 3. Bb5 e6 4. O-O Nge7 5. Re1 a6 6. Bf1 d5 7. exd5 Qxd5 8. Nc3
Qd8 9. a4 b6 10. d3 Nf5 11. Bg5 f6 12. Nh4 Nfe7 13. Ne4 fxg5 14. Nxg5 Qd5 15.
Qd2 e5 16. g3 g6 17. Bg2 Qd6 18. Ne4 Qd8 19. a5 Bg7 20. axb6 O-O 21. Qc3 Qxb6
22. Nxc5 Rb8 23. Nf3 Kh8 24. Qc4 Qb4 25. Qxb4 Nxb4 26. Rac1 Bh6 27. Rb1 Nxc2 28.
Rxe5 Nc6 29. Re4 Bg7 30. Ne6 Bxe6 31. Rxe6 N6b4 32. d4 Nxd4 33. Nxd4 Bxd4 34.
Re2 Nd3 35. Rd1 Bxf2+ 36. Kh1 Rxb2 37. Rxb2 Nxb2 38. Ra1 Re8 39. Bf1 Re1 40. Rxe1
Bxe1 41. Bxa6 Kg7 42. Kg2 Kf6 43. Kf3 Na4 44. Bd3 Nc5 45. Bc2 Ne6 46. Bb1 Bc3
47. h4 h5 48. g4 hxg4+ 49. Kxg4 Ng7 50. Bd3 Be1 51. Bb1 Nf5 52. h5 Nh6+ 53. Kf3
g5 54. Be4 g4+ 55. Kf4 Bd2+ 56. Kg3 Kg5 57. Bg6 Nf5+ 58. Kf2 Be3+ 59. Ke2 Bc5
60. Be8 Ng3+ 61. Ke1 Nxh5 62. Kf1 Nf4 63. Bc6 g3 64. Bb7 Kh4 65. Ba8 Kh3 66. Bb7
g2+ 67. Bxg2+ Nxg2 68. Ke2 Kg3 69. Kd3 Kf4 70. Kc4 Be3 71. Kd5 Kf5 72. Kc4 Ke4
73. Kc3 Nf4 74. Kc4 Bd4 75. Kb5 Kd5 76. Kb4 Ng2 77. Kb5 Ne3 78. Kb4 Be5 79. Kb5
Nc2 80. Kb6 Bd6 81. Kb7 Kc5 82. Ka8 Kc6 83. Ka7 Ne3 84. Ka8 Nd5 85. Ka7 Nb6 86.
Ka6 Bb8 87. Ka5 Nd5 88. Ka6 Nb4+ 89. Ka5 Kc5 90. Ka4 Kc4 91. Ka3 Nd3 92. Ka4 Bc7
93. Ka3 Ba5 94. Ka4 Bd2 95. Ka3 Bb4+ 96. Ka2 Kc3 97. Kb1 Kb3 0-1

[Event "1st IBCA European Team Chess Championship"]
[Site "Warsaw"]
[Date "1899-12-30"]
[Round "8.3"]
[White "Suder, Ryszard"]
[Black "Barnowski, Sylwester"]
[Result "1/2-1/2"]
[WhiteTitle ""]
[BlackTitle ""]
[WhiteElo "2142"]
[BlackElo "1889"]

1. Nf3 d5 2. b3 Nf6 3. Bb2 c5 4. e3 Bg4 5. Be2 Nc6 6. Ne5 Bxe2 7. Qxe2 Nxe5 8.
Bxe5 Nd7 9. Bb2 e6 10. d3 Nf6 11. Nd2 Be7 12. O-O O-O 13. f4 Nd7 14. e4 d4 15.
Nf3 Qc7 16. g3 e5 17. f5 b5 18. g4 Rfc8 19. c3 dxc3 20. Bxc3 f6 21. Rfc1 1/2-1/2

[Event "1st IBCA European Team Chess Championship"]
[Site "Warsaw"]
[Date "1899-12-30"]
[Round "8.6"]
[White "Donmez, Unal"]
[Black "Meshkov, Yuri A."]
[Result "0-1"]
[WhiteTitle ""]
[BlackTitle "IM"]
[WhiteElo "1827"]
[BlackElo "2350"]

1. d4 Nf6 2. c4 d6 3. g3 c5 4. Nf3 Bg4 5. Bg2 Nc6 6. Be3 Nd7 7. Nc3 g6 8. Qd2 Bg7
9. dxc5 Nxc5 10. O-O h5 11. Rfd1 Qc8 12. Rac1 Ne6 13. h4 b6 14. Nd5 Rb8 15. b4
Rb7 16. Ng5 Nxg5 17. Bxg5 Nd4 18. f3 Bh3 19. Nf6+ exf6 20. Qxd4 O-O 21. Bxf6 Bxf6
22. Qxf6 Be6 23. Rxd6 Rc7 24. Rcd1 Rxc4 25. Rd8 Rc1 26. Rxc8 Rxd1+ 27. Kf2 Rxc8
28. g4 hxg4 29. h5 gxh5 30. f4 Rc2 31. Be4 g3+ 32. Kxg3 Rxe2 33. Bf3 Rg1+ 34.
Bg2 Rgxg2+ 35. Kh4 Rg4+ 0-1

[Event "1st IBCA European Team Chess Championship"]
[Site "Warsaw"]
[Date "1899-12-30"]
[Round "8.7"]
[White "Pakhomov, Alexey"]
[Black "Aksu, Mumin"]
[Result "1-0"]
[WhiteTitle "IM"]
[BlackTitle ""]
[WhiteElo "2338"]
[BlackElo "1781"]

1. Nf3 e6 2. g3 d5 3. c4 c6 4. b3 Nf6 5. Bg2 Be7 6. O-O O-O 7. Bb2 Nbd7 8. d3 Re8
9. Nbd2 Nf8 10. Qc2 Qa5 11. e4 b5 12. a3 Bb7 13. b4 Qd8 14. e5 Nh5 15. c5 a5 16.
Nd4 axb4 17. axb4 Qc7 18. Bf3 g6 19. Bxh5 gxh5 20. h4 Qd8 21. Rxa8 Bxa8 22. Qd1
Bxh4 23. Qxh5 Be7 24. f4 f5 25. N2f3 Qd7 26. Ng5 Bxg5 27. Qxg5+ Qg7 28. Qxg7+
Kxg7 29. Ra1 Rc8 30. Ra7+ Kg6 31. Re7 Kh5 32. Kg2 Kg4 33. Nxe6 Nxe6 34. Rxe6 Kh5
35. Rf6 Bb7 36. Rxf5+ Kg6 37. Rf6+ Kg7 38. e6 Kg8 39. Rf7 Ra8 40. Rxb7 Ra2 41.
Rb8# 1-0

[Event "1st IBCA European Team Chess Championship"]
[Site "Warsaw"]
[Date "1899-12-30"]
[Round "8.9"]
[White "Grigorchuk, Sergey"]
[Black "Deville, Olivier"]
[Result "1/2-1/2"]
[WhiteTitle "CM"]
[BlackTitle ""]
[WhiteElo "2267"]
[BlackElo "1849"]

1. d4 Nf6 2. c4 e6 3. Nc3 Bb4 4. e3 O-O 5. Nf3 b6 6. Bd3 Bb7 7. O-O Bxc3 8. bxc3
Ne4 9. Ne1 f5 10. f3 Nf6 11. Qe2 d6 12. e4 fxe4 13. fxe4 Qe7 14. Bg5 Nbd7 15.
Nf3 Rae8 16. Rae1 e5 17. Nh4 Qd8 18. Nf5 Qc8 19. d5 Nc5 20. Nh6+ Kh8 21. Bxf6
Rxf6 22. Rxf6 gxf6 23. Qg4 Rf8 24. Re3 Qe8 25. Rg3 Qg6 26. Qh4 Qe8 27. Be2 Bc8
28. Bh5 Qe7 29. Rf3 1/2-1/2

[Event "1st IBCA European Team Chess Championship"]
[Site "Warsaw"]
[Date "1899-12-30"]
[Round "8.10"]
[White "Sojka, Bernard"]
[Black "Tuka, Oleg"]
[Result "1/2-1/2"]
[WhiteTitle ""]
[BlackTitle "IM"]
[WhiteElo "1755"]
[BlackElo "2429"]

1. e3 c5 2. Nf3 Nc6 3. c4 Nf6 4. Nc3 g6 5. Be2 Bg7 6. O-O O-O 7. d3 d5 8. cxd5
Nxd5 9. Nxd5 Qxd5 10. Qc2 b6 11. Qc4 Qd6 12. a3 Bb7 13. Rd1 Rac8 14. Rb1 Rfd8
15. Qh4 Ne5 16. e4 Nxf3+ 17. gxf3 Ba6 18. Bf4 e5 19. Bh6 Bb5 20. Bxg7 Kxg7 21.
Qg5 f6 22. Qe3 a5 23. Rbc1 Ba4 24. Rd2 Rc7 25. Rc3 c4 26. Bf1 Bb5 27. Kg2 cxd3
28. Rb3 Qc5 29. Rc3 Qd6 30. Rb3 Rc5 31. Rxb5 Rxb5 32. Rxd3 Qxd3 33. Bxd3 Rb3 34.
Qc1 Rdxd3 35. Qc7+ Kh6 36. f4 exf4 37. Qxf4+ Kg7 38. Qc7+ Kh6 39. Qf4+ Kg7 40.
Qc7+ Kh6 1/2-1/2

[Event "1st IBCA European Team Chess Championship"]
[Site "Warsaw"]
[Date "1899-12-30"]
[Round "8.11"]
[White "Shepelev, Igor"]
[Black "Siret, Bernard"]
[Result "1-0"]
[WhiteTitle ""]
[BlackTitle ""]
[WhiteElo "2021"]
[BlackElo "1712"]

1. d4 f5 2. Nc3 Nf6 3. Bg5 e6 4. e4 fxe4 5. Nxe4 Be7 6. Bxf6 Bxf6 7. Nf3 d5 8.
Nxf6+ Qxf6 9. Bd3 Nc6 10. O-O g6 11. Bb5 Bd7 12. Qe2 O-O-O 13. Bxc6 Bxc6 14. a4
Rd6 15. b4 Rf8 16. Ne5 Be8 17. Rfb1 Qf4 18. c3 Rf5 19. b5 c5 20. g3 Qg5 21. h4
Qe7 22. dxc5 Rd8 23. c6 Qd6 24. b6 axb6 25. cxb7+ Kb8 26. Qa6 Rxe5 27. Rxb6 Qc5
28. Qa8+ Kc7 29. b8=Q+ Rxb8 30. Qxb8+ Kd7 31. Qa7+ 1-0

[Event "1st IBCA European Team Chess Championship"]
[Site "Warsaw"]
[Date "1899-12-30"]
[Round "8.12"]
[White "Baue, Michel"]
[Black "Kolpakov, Vladyslav"]
[Result "0-1"]
[WhiteTitle ""]
[BlackTitle ""]
[WhiteElo "1700"]
[BlackElo "1944"]

1. e4 e6 2. d4 d5 3. Nd2 c5 4. exd5 Qxd5 5. dxc5 Nf6 6. Ngf3 Qxc5 7. Bd3 Nbd7 8.
O-O Qc7 9. h3 Be7 10. Qe2 O-O 11. Nb3 b6 12. c4 Bb7 13. Bg5 Rac8 14. Rac1 Rfe8
15. Nbd2 Nc5 16. Bb1 Bd6 17. b3 a5 18. Rfe1 h6 19. Be3 Nh5 20. Rcd1 Rcd8 21. Bc2
Nf4 22. Bxf4 Bxf4 23. Ne4 Na6 24. Bb1 Qe7 25. Rxd8 Rxd8 26. Rd1 Rxd1+ 27. Qxd1
Nb4 28. Qd4 Bc7 29. a3 Nc6 30. Qd3 Qxa3 31. Ned2 g6 32. Bc2 Qc1+ 0-1

[Event "1st IBCA European Team Chess Championship"]
[Site "Warsaw"]
[Date "1899-12-30"]
[Round "8.13"]
[White "Cajzler, Hinko"]
[Black "Palacios Perez, Manuel"]
[Result "1/2-1/2"]
[WhiteTitle ""]
[BlackTitle ""]
[WhiteElo "2099"]
[BlackElo "2163"]

1. d4 Nf6 2. Nf3 e6 3. Bg5 c5 4. e3 Be7 5. Nbd2 b6 6. Be2 Bb7 7. c3 O-O 8. O-O
d6 9. h3 cxd4 10. exd4 Nbd7 11. Re1 Re8 12. Bf1 Nd5 13. Bxe7 Qxe7 14. Ne4 N7f6
15. Ng3 Qd7 16. Qd2 b5 17. Rac1 h6 18. b3 Rac8 19. Bd3 Rc7 20. Rc2 Rec8 21. Rec1
a5 22. a3 b4 23. cxb4 Rxc2 24. Rxc2 Rxc2 25. Bxc2 axb4 26. a4 Nc3 27. Ne1 Qc6
28. Nf1 Nfe4 29. Qe3 Nf6 30. Ng3 Qd5 31. f3 Qa5 32. Kh2 Ba6 33. Ne4 Nfd5 34. Qd2
Qb6 35. Bd3 Bb7 36. Nc2 Kf8 37. Bc4 Nxe4 38. fxe4 Nc3 39. d5 e5 40. Qe1 Bc8 41.
Qe3 Qc5 42. Qd3 g6 43. Ne3 h5 44. g3 Bd7 45. Ba6 f5 46. exf5 gxf5 47. Bc4 e4 48.
Qd2 Nb1 49. Qe1 Qd4 50. a5 Nd2 51. Kg2 Nf3 52. Qf2 Qa1 53. a6 Ne1+ 1/2-1/2

[Event "1st IBCA European Team Chess Championship"]
[Site "Warsaw"]
[Date "1899-12-30"]
[Round "8.14"]
[White "Fernandez Manrique, Agustin"]
[Black "Prpic, Milan"]
[Result "1-0"]
[WhiteTitle ""]
[BlackTitle ""]
[WhiteElo "2147"]
[BlackElo "1834"]

1. c4 c5 2. Nc3 Nc6 3. g3 g6 4. Bg2 Bg7 5. a3 Nf6 6. Rb1 O-O 7. b4 cxb4 8. axb4
Qc7 9. d3 d6 10. Nh3 Bf5 11. Nf4 Rab8 12. O-O e5 13. Nfd5 Nxd5 14. Nxd5 Qd7 15.
e4 Bg4 16. f3 Be6 17. Nc3 Ne7 18. Be3 b6 19. Ra1 Ra8 20. b5 Rac8 21. Ra6 Rc7 22.
Qa4 h6 23. Ra1 Nc8 24. Na2 f6 25. Nb4 Rf7 26. Nc6 Kh7 27. Qd1 f5 28. Bh3 Bf6 29.
R1a2 g5 30. Nb8 Qe8 31. exf5 Bd7 32. g4 d5 33. Qb3 dxc4 34. dxc4 Nd6 35. Nxd7
Rfxd7 36. R6a4 e4 37. Bg2 h5 38. h4 Qg8 39. hxg5 Bxg5 40. f4 Bh4 41. g5 Rxc4 42.
Rxa7 Rc1+ 43. Bxc1 Qxb3 44. Rxd7+ Nf7 45. Rxf7+ Kg8 46. Rfa7 Kf8 47. Ra8+ Ke7
48. R2a7+ Kd6 49. Ba3+ Kd5 50. Rd8+ Kc4 51. Bf1+ 1-0

[Event "1st IBCA European Team Chess Championship"]
[Site "Warsaw"]
[Date "1899-12-30"]
[Round "8.15"]
[White "Began, Branko"]
[Black "Clemente Llamero, Roberto"]
[Result "0-1"]
[WhiteTitle ""]
[BlackTitle ""]
[WhiteElo "1836"]
[BlackElo "2162"]

1. d4 Nf6 2. Nf3 c5 3. e3 e6 4. c4 d5 5. Nc3 cxd4 6. exd4 Bb4 7. Bd2 O-O 8. a3
Bxc3 9. Bxc3 Ne4 10. Rc1 Nc6 11. Bd3 Nxc3 12. Rxc3 dxc4 13. Bxc4 Bd7 14. O-O Rc8
15. Qb1 Ne7 16. Re1 h6 17. Qa2 b5 18. Bd3 Bc6 19. Be4 Bxe4 20. Rxe4 Rxc3 21. bxc3
Nd5 22. Re1 Qc7 23. h3 Qxc3 24. a4 b4 25. Rb1 Rc8 26. a5 Qc2 27. Rb2 Qc1+ 28.
Kh2 Qf4+ 29. Kh1 Rc1+ 30. Ng1 Qxd4 31. Rb1 Nc3 0-1

[Event "1st IBCA European Team Chess Championship"]
[Site "Warsaw"]
[Date "1899-12-30"]
[Round "8.16"]
[White "Draghici Flutur, Gavril"]
[Black "Drazetic, Novica"]
[Result "1-0"]
[WhiteTitle ""]
[BlackTitle ""]
[WhiteElo "2094"]
[BlackElo "1621"]

1. e4 e5 2. Nc3 Nf6 3. g3 Bc5 4. Bg2 g6 5. d3 Nc6 6. Nge2 d6 7. O-O O-O 8. h3 Be6
9. Nd5 Bxd5 10. exd5 Ne7 11. d4 exd4 12. Nxd4 Qc8 13. c4 Nf5 14. Nb3 Bb6 15. Kh2
Nd7 16. Be4 Nc5 17. Nxc5 Bxc5 18. Qd3 b6 19. b3 Kg7 20. Bb2+ f6 21. g4 Nh6 22.
g5 Ng8 23. f4 Qd7 24. f5 Qf7 25. gxf6+ Nxf6 26. fxg6 Qe7 27. gxh7 Kh8 28. Qf3
Qg7 29. Bxf6 Rxf6 30. Qxf6 Qxf6 31. Rxf6 1-0

[Event "1st IBCA European Team Chess Championship"]
[Site "Warsaw"]
[Date "1899-12-30"]
[Round "8.17"]
[White "Mueller, Oliver"]
[Black "Hilton, Stephen H"]
[Result "1-0"]
[WhiteTitle "FM"]
[BlackTitle ""]
[WhiteElo "2266"]
[BlackElo "1894"]

1. d4 f5 2. g3 Nf6 3. Bg2 g6 4. Nh3 Bg7 5. O-O O-O 6. c4 Nc6 7. Nc3 d6 8. d5 Na5
9. Qd3 c5 10. b3 Ne4 11. Bb2 Rb8 12. Nf4 Nxc3 13. Bxc3 Bxc3 14. Qxc3 b5 15. cxb5
Rxb5 16. Rfe1 Qb6 17. h4 Rf7 18. e4 Bd7 19. e5 dxe5 20. Rxe5 c4 21. bxc4 Rb2 22.
Nd3 Rb1+ 23. Re1 Rxa1 24. Rxa1 1-0

[Event "1st IBCA European Team Chess Championship"]
[Site "Warsaw"]
[Date "1899-12-30"]
[Round "8.18"]
[White "Armstrong, William G"]
[Black "Mueller, Thorsten"]
[Result "0-1"]
[WhiteTitle ""]
[BlackTitle ""]
[WhiteElo "1839"]
[BlackElo "2123"]

1. Nf3 Nf6 2. g3 d5 3. Bg2 Bf5 4. O-O e6 5. d3 Be7 6. Nfd2 c6 7. e4 Bg6 8. b3 Nbd7
9. a4 a5 10. Ba3 O-O 11. Bxe7 Qxe7 12. Re1 dxe4 13. Nxe4 Nxe4 14. dxe4 Rfd8 15.
Qe2 Qf6 16. Nd2 Qc3 17. Nc4 Nc5 18. Rad1 h6 19. Nb6 Rab8 20. h4 Qb4 21. Nc4 Rxd1
22. Qxd1 Nxa4 23. Re3 Nc3 24. h5 Nxd1 0-1

[Event "1st IBCA European Team Chess Championship"]
[Site "Warsaw"]
[Date "1899-12-30"]
[Round "8.21"]
[White "Nizam, Rasim"]
[Black "Van Loy, Rick"]
[Result "1-0"]
[WhiteTitle "IM"]
[BlackTitle ""]
[WhiteElo "2185"]
[BlackElo "1899"]

1. e4 e5 2. Nf3 Nc6 3. Bb5 f5 4. d3 Nf6 5. O-O Bc5 6. exf5 O-O 7. Nc3 Nd4 8. Nxd4
Bxd4 9. Ne4 d5 10. Ng3 c6 11. Ba4 Qd6 12. c3 Bb6 13. Bc2 a5 14. d4 exd4 15. cxd4
a4 16. Be3 Bc7 17. Re1 a3 18. b3 Bd7 19. Rc1 Rae8 20. h3 Ne4 21. Bxe4 Rxe4 22.
Nf1 Bxf5 23. f3 Ree8 24. Bf2 Qg6 25. g4 h5 26. Bg3 hxg4 27. hxg4 Rxe1 28. Qxe1
Bxg3 29. Nxg3 Bd3 30. Kg2 Re8 31. Qd2 Bb5 32. Nf5 Re4 33. fxe4 Qxg4+ 34. Ng3 1-0

[Event "1st IBCA European Team Chess Championship"]
[Site "Warsaw"]
[Date "1899-12-30"]
[Round "8.22"]
[White "Harnandan, Sergio"]
[Black "Todorov, Aleksandar"]
[Result "0-1"]
[WhiteTitle ""]
[BlackTitle ""]
[WhiteElo "1897"]
[BlackElo "1951"]

1. d4 d5 2. c4 Bf5 3. Nc3 e6 4. f3 Nf6 5. Bf4 Bd6 6. Bxd6 Qxd6 7. c5 Qe7 8. e3
c6 9. Nge2 Nbd7 10. Ng3 Bg6 11. b4 e5 12. Be2 O-O 13. O-O Rfe8 14. b5 exd4 15.
Na4 Qxe3+ 16. Kh1 d3 17. bxc6 bxc6 18. Re1 dxe2 19. Rxe2 Qa3 20. Rxe8+ Rxe8 21.
Qd4 Qe3 0-1

[Event "1st IBCA European Team Chess Championship"]
[Site "Warsaw"]
[Date "1899-12-30"]
[Round "8.23"]
[White "Georgiev, Yordan Kirilov"]
[Black "Van Duuren, Louis"]
[Result "1-0"]
[WhiteTitle ""]
[BlackTitle ""]
[WhiteElo "1710"]
[BlackElo "1890"]

1. d4 Nf6 2. c4 g6 3. Nc3 Bg7 4. e4 d6 5. f3 O-O 6. Be3 Nbd7 7. Nge2 c5 8. Qd2
b6 9. g4 Re8 10. Ng3 cxd4 11. Bxd4 Kf8 12. h4 Ne5 13. Be2 Ba6 14. b3 e6 15. g5
Nfd7 16. f4 Nc6 17. Bxg7+ Kxg7 18. Qxd6 Rc8 19. O-O-O Nc5 20. h5 Qxd6 21. h6+
Kf8 22. Rxd6 Red8 23. Rhd1 Ke7 24. e5 Nb7 25. Rxd8 Rxd8 26. Rxd8 Nbxd8 27. Nge4
Nd4 28. Nf6 Nxe2+ 29. Nxe2 Nc6 30. Nxh7 Bb7 31. Nf6 Kf8 32. a3 a6 33. Kd2 Bc8
34. Kc3 Nb8 35. Nd4 Nd7 36. Ne4 Bb7 37. Kd3 Kg8 38. b4 Ba8 39. c5 bxc5 40. Nxc5
Nb8 41. a4 Bg2 42. Kc3 Bd5 43. b5 axb5 44. axb5 Bg2 45. Kb4 1-0